000 00420nam a2200157Ia 4500
005 20250508160215.0
008 008 250505s9999 xx 000 0 eng d
037 _aTextual
040 _aFEDL
_beng
_cFEDL
041 _aeng
_2eng
084 _a425, CHA
_qFEDL
245 0 _aGames and other devices for improving pupils' english
300 _a88p
942 _cTEXL
_h425, CHA
999 _c1362661
_d1362661